书目信息 |
| 题名: |
管乐队现代化训练教程
|
|
| 作者: | 奥莱利 , 威廉姆斯 编 ;胡越菲 译 | |
| 分册: | 长号3 | |
| 出版信息: | 上海 上海音乐出版社 2014 |
|
| 页数: | 39页 | |
| 开本: | 31cm | |
| 丛书名: | ||
| 单 册: | ||
| 中图分类: | J621.76 | |
| 科图分类: | ||
| 主题词: | 长号--吹奏法--教材 | |
| 电子资源: | ||
| ISBN: | 978-7-80751-572-2 | |
| 000 | 01045nam0 2200289 45 | |
| 001 | 012001009456 | |
| 005 | 20140102090912.0 | |
| 010 | @a978-7-80751-572-2@dCNY35.00 | |
| 100 | @a20140527d2014 em y0chiy50 ea | |
| 101 | 1 | @achi@ceng |
| 102 | @aCN@b310000 | |
| 105 | @aag z 000yy | |
| 106 | @ar | |
| 200 | 1 | @a管乐队现代化训练教程@9chang hao@h长号3@b专著@f约翰·奥莱利(John O'Reilly),马克·威廉姆斯(Mark Williams)编@g胡越菲译 |
| 210 | @a上海@c上海音乐出版社@c上海文艺音像电子出版社@d2014 | |
| 215 | @a39页@c图@d31cm | |
| 300 | @a管乐队现代化训练教程 原版引进 | |
| 305 | @a美国阿尔弗莱德出版公司授权出版 | |
| 306 | @a本书限中国大陆发行 | |
| 330 | @a本书提供了长号的练习曲和曲调,介绍了长号的复习要点、音阶要点、节奏要点、休止符要点等内容。 | |
| 606 | 0 | @a长号@x吹奏法@j教材 |
| 690 | @aJ621.76@v5 | |
| 701 | 0 | @a奥莱利@9ao lai li@c(O'Reilly, John)@4编 |
| 701 | 0 | @a威廉姆斯@9wei lian mu si@c(Williams, Mark)@4编 |
| 702 | 0 | @a胡越菲@9hu yue fei@4译 |
| 801 | 2 | @aCN@b上海新华@c20191020 |
| 905 | @b1188260-3@dJ621.76@e402@f4 | |
| 管乐队现代化训练教程.长号3/约翰·奥莱利(John O'Reilly),马克·威廉姆斯(Mark Williams)编/胡越菲译.-上海:上海音乐出版社:上海文艺音像电子出版社,2014 |
| 39页:图;31cm |
| 管乐队现代化训练教程 原版引进 |
| ISBN 978-7-80751-572-2:CNY35.00 |
| 本书提供了长号的练习曲和曲调,介绍了长号的复习要点、音阶要点、节奏要点、休止符要点等内容。 |
| ● |
| 相关链接 |
|
|
|
|
正题名:管乐队现代化训练教程
索取号:J621.76/402
 
预约/预借
| 序号 | 登录号 | 条形码 | 馆藏地/架位号 | 状态 | 备注 |
| 1 | 1188260 | 211882603 | 第一样本阅览室/ [索取号:J621.76/402] | 在馆 | |
| 2 | 1188261 | 211882612 | 第一借阅区/ [索取号:J621.76/402] | 在馆 | |
| 3 | 1188262 | 211882621 | 第一借阅区/ [索取号:J621.76/402] | 在馆 | |
| 4 | 1188263 | 211882630 | 第一借阅区/ [索取号:J621.76/402] | 在馆 |